দেয়াল দিয়ে ঘেরা / (Record no. 102449)
[ view plain ]
| 000 -LEADER | |
|---|---|
| fixed length control field | 00634nam a22001817a 4500 |
| 003 - CONTROL NUMBER IDENTIFIER | |
| control field | BD-DhUL |
| 005 - DATE AND TIME OF LATEST TRANSACTION | |
| control field | 20160829161209.0 |
| 008 - FIXED-LENGTH DATA ELEMENTS--GENERAL INFORMATION | |
| fixed length control field | 160829s1970 ii a|||| |||| 000 0 b d |
| 040 ## - CATALOGING SOURCE | |
| Transcribing agency | BD-DhUL |
| Modifying agency | BD-DhUL |
| 082 ## - DEWEY DECIMAL CLASSIFICATION NUMBER | |
| Classification number | 923.25492 |
| Item number | MOD |
| 100 10 - MAIN ENTRY--PERSONAL NAME | |
| Personal name | মতিয়া চৌধুরী |
| 245 ## - TITLE STATEMENT | |
| Title | দেয়াল দিয়ে ঘেরা / |
| Statement of responsibility, etc. | মতিয়া চৌধুরী |
| 260 ## - PUBLICATION, DISTRIBUTION, ETC. (IMPRINT) | |
| Place of publication, distribution, etc. | ঢাকা : |
| Name of publisher, distributor, etc. | কালি কলম প্রকাশনী, |
| Date of publication, distribution, etc. | ১৯৭০। |
| 300 ## - PHYSICAL DESCRIPTION | |
| Extent | ১৯৫ পৃ. ; |
| Dimensions | ২০ সেমি. । |
| 650 ## - SUBJECT ADDED ENTRY--TOPICAL TERM | |
| Topical term or geographic name as entry element | বাংলাদেশ |
| 650 ## - SUBJECT ADDED ENTRY--TOPICAL TERM | |
| Topical term or geographic name as entry element | Bangladesh |
| 942 ## - ADDED ENTRY ELEMENTS (KOHA) | |
| Source of classification or shelving scheme | |
| Koha item type | Books |
| Price effective from | Date last seen | Permanent Location | Not for loan | Date acquired | Source of classification or shelving scheme | Koha item type | Lost status | Withdrawn status | Copy number | Source of acquisition | Collection code | Damaged status | Shelving location | Barcode | Current Location | Full call number |
|---|---|---|---|---|---|---|---|---|---|---|---|---|---|---|---|---|
| 2016-08-29 | 2016-08-29 | Dhaka University Library | 2016-08-29 | Books | 1 | Purchased | Non Fiction | General Stacks | A99769 | Dhaka University Library | 923.25492 MOD | |||||
| 2016-08-29 | 2016-08-29 | Dhaka University Library | 1999-03-28 | Books | 3 | Purchased | Non Fiction | General Stacks | A99771 | Dhaka University Library | 923.25492 MOD |
